The feynman lectures on physics (Record no. 7415)

MARC details
000 -LEADER
fixed length control field 00706nam a2200217Ia 4500
003 - CONTROL NUMBER IDENTIFIER
control field IN-BaIIA
005 - DATE AND TIME OF LATEST TRANSACTION
control field 20230123113529.0
008 - FIXED-LENGTH DATA ELEMENTS--GENERAL INFORMATION
fixed length control field 211028s9999 xx 000 0 eng d
040 ## - CATALOGING SOURCE
Transcribing agency IIA Library
080 ## - UNIVERSAL DECIMAL CLASSIFICATION NUMBER
Universal Decimal Classification number 530.1
Item number FEY-3
100 ## - MAIN ENTRY--PERSONAL NAME
Personal name Feynman, Richard P.
245 #4 - TITLE STATEMENT
Title The feynman lectures on physics
Remainder of title vol. 3, quantum mechanics
Statement of responsibility, etc. Richard P. Feynman, Lenghton, R. B. and Sands M.
260 ## - PUBLICATION, DISTRIBUTION, ETC.
Place of publication, distribution, etc. Massachusetts
Name of publisher, distributor, etc. Addison-Wesley
Date of publication, distribution, etc. 1964
300 ## - PHYSICAL DESCRIPTION
Extent [various pagings.]
500 ## - GENERAL NOTE
General note Donated by Mrs. Bappu
650 ## - SUBJECT ADDED ENTRY--TOPICAL TERM
Topical term or geographic name entry element NASA Thesaurus
650 ## - SUBJECT ADDED ENTRY--TOPICAL TERM
Topical term or geographic name entry element Quantum Mechanic
9 (RLIN) 12675
700 ## - ADDED ENTRY--PERSONAL NAME
Personal name Lenghton, R. B.
9 (RLIN) 12676
700 ## - ADDED ENTRY--PERSONAL NAME
Personal name Sands, M.
9 (RLIN) 12677
942 ## - ADDED ENTRY ELEMENTS (KOHA)
Koha item type Books
Source of classification or shelving scheme Dewey Decimal Classification
Holdings
Withdrawn status Lost status Damaged status Not for loan Home library Current library Shelving location Date acquired Cost, normal purchase price Total Checkouts Full call number Barcode Date last seen Cost, replacement price Price effective from Koha item type Purchase Price
        IIA Library-Bangalore IIA Library-Kodaikanal General Stacks 05/07/1983 16.00   530.1/ FEY-3 8224 05/11/2021 16.00 05/07/1983 Books Rs. 16.00

Powered by Koha